000 00289nam a22001337a 4500
008 170922b xxu||||| |||| 00| 0 eng d
020 _a9780205246540
041 _aeng
080 _a37
100 _a46
101 _aEDU
245 _aLEARNING AND BEHAVIOR
_cMAZUR,J.E
942 _2udc
_cBK
999 _c28963
_d28963